Golf /

Bewaard in:
Bibliografische gegevens
Hoofdauteur: Bruce, Ben (autor)
Formaat: Boek
Taal:Spaans
Gepubliceerd in: lugar de publicación no identificado : Editores Asociados, 1971
Onderwerpen:
Tags: Voeg label toe
Geen labels, Wees de eerste die dit record labelt!

MARC

LEADER 00000nam^a2200000^a^4500
001 000017777
005 20250521000000.0
009 20260310084151.302
037 |a Acervo ITESO - Biblioteca 
041 |a ESP 
082 |a 796. 35  |b BRU 
100 |a Bruce, Ben  |e (autor) 
245 1 0 |a Golf /  |c B. Bruce. 
264 1 |a lugar de publicación no identificado :  |b Editores Asociados,  |c 1971 
300 |a 78 p. 
336 |a texto  |b txt  |2 rdacontenido 
337 |a sin mediación  |b n  |2 rdamedio 
338 |a volumen  |b nc  |2 rdasoporte 
649 |a XX 
650 |a Deportes 
910 |a Fondo General 
920 |a Impresos - Libros 
930 |a Colección General 
905 |a 101 
901 |a 0177770100  |b IT1  |c ACC  |i 017777  |u 20250521 
902 |a https://opac.biblio.iteso.mx/vufind/Record/000017777